Pays par leur ancien nom #3 - Statistiques

Statistiques générales
  • Ce quiz a été pris 38 fois
  • Le résultat moyen est 4 sur 12
Statistiques - réponses
Hint Réponse % Correct
Rome Italie
100%
Zaîre RD Congo
97%
Honduras Britannique Belize
54%
Arberi/Arbani Albanie
32%
Basutoland Lesotho
27%
Lho Jong (Men Jong) Bhoutan
19%
Nyassaland Malawi
19%
Illyrie Bosnie-Herzégovine
16%
Colchide Géorgie
16%
Lechia Pologne
16%
Royaume du Tekrour Sénégal
14%
Royaume de Magan Oman
5%
Aucun quiz correspondant
Distribution des résultats
% des personnes avec chaque résultat
Percentile par nombre de réponses
Votre historique - résultats
Vous n’avez pas pris ce quiz